Spotify Top 25 Most Streamed Artists of All Time - Statistics

General Stats
  • This quiz has been taken 140 times
  • The average score is 18 of 25
Answer Stats
# Popular Song by the Artist Amount of Streams Artist % Correct
1 Shake it Off 88,576,321,766 Taylor Swift
96%
5 Shape of You 51,199,296,072 Ed Sheeran
94%
4 Blinding Lights 67,184,177,069 The Weeknd
93%
10 bad guy 43,968,315,085 Billie Eilish
91%
20 Uptown Funk 33,326,272,200 Bruno Mars
90%
16 Viva La Vida 36,134,473,002 Coldplay
85%
3 One Dance 82,385,883,120 Drake
85%
7 Lose Yourself 48,220,307,274 Eminem
85%
8 Sorry 46,602,761,628 Justin Bieber
85%
14 Diamonds 36,640,118,742 Rihanna
84%
6 7 rings 51,066,649,727 Ariana Grande
82%
11 Sunflower 43,552,652,340 Post Malone
79%
21 HUMBLE. 32,494,807,476 Kendrick Lamar
78%
13 SICKO MODE 36,983,803,084 Travis Scott
75%
18 Thunder 33,843,153,258 Imagine Dragons
74%
19 Lucid Dreams 33,412,813,978 Juice WRLD
74%
17 Levitating 34,293,062,048 Dua Lipa
68%
22 SAD! 31,408,443,663 XXXTENTACION
67%
2 DÁKITI 82,440,331,573 Bad Bunny
65%
12 Dynamite 41,125,641,460 BTS
65%
9 Stronger 44,377,677,269 Kanye West
65%
25 Sugar 28,921,013,262 Maroon 5
63%
23 Titanium 30,964,692,451 David Guetta
47%
15 LA CANCIÓN 36,613,510,085 J Balvin
32%
24 Diles 29,906,612,021 Ozuna
14%
No matching quizzes found
Score Distribution
Percent of People with Each Score
Percentile by Number Answered
Your Score History
You have not taken this quiz